Missing Word: Underwater Movies Quiz Stats

 Plays Quiz Updated Jul 6, 2014

Support Sporcle.
Go Orange.
Score 0/10 Timer 02:00
1 Play Today
Film Missing Word % Correct
_____ NemoFinding
98.5%
The _____ MermaidLittle
97.6%
The Hunt for Red _____October
90.3%
20,000 _____ Under the SeaLeagues
90.3%
_____ Blue SeaDeep
85.5%
_____: The Lost EmpireAtlantis
79.5%
Shark _____Tale
67.1%
The Life _____ with Steve ZissouAquatic
58.8%
City _____ the SeaBeneath
41%
Men of _____Honor
28.7%

Today's Daily Dose

You're not logged in!

Compare scores with friends on all Sporcle quizzes.
OR
Log In

From the Vault

US States That Are Commonwealths

by liberty76

Out of all 50 US states, 4 of them are commonwealths. Who knew!
Remove Ads.
Support Sporcle.
Get the best of Sporcle when you Go Orange. This ad-free experience offers more features, more stats, and more fun while also helping to support Sporcle. Thank you for becoming a member.

Show Comments

Extras

Top Quizzes Today


Score Distribution

Your Account Isn't Verified!

In order to create a playlist on Sporcle, you need to verify the email address you used during registration. Go to your Sporcle Settings to finish the process.

Report this User

Report this user for behavior that violates our Community Guidelines.

Details: